Vista normal
Vista MARC
Entrada Materia (corporativa)
Número de registros utilizados en: 2
001 - CONTROL NUMBER
- control field: 108588
003 - CONTROL NUMBER IDENTIFIER
- control field: Co-BoUCM
005 - DATE AND TIME OF LATEST TRANSACTION
- control field: 20211014100926.0
008 - FIXED-LENGTH DATA ELEMENTS
- fixed length control field: 211014|| aca||aabn | a|a d
040 ## - CATALOGING SOURCE
- Original cataloging agency: Co-BoUCM
- Transcribing agency: Co-BoUCM
110 ## - HEADING--CORPORATE NAME
- Corporate name or jurisdiction name as entry element: Centro Para La Democracia
670 ## - SOURCE DATA FOUND
- Source citation: Work cat.: (Co-BoUCM)3649: Serafino, Nina María 108586, Investigación y análisis para los parlamentos manual práctico, 1997